Using semidefinite programming for the channel assignment problem
Enregistré dans:
| Auteur principal: | |
|---|---|
| Format: | Chapitre de livre |
| Langue: | anglais |
| Sujets: | |
| Tags: |
Pas de tags, Soyez le premier à ajouter un tag!
|
MARC
| LEADER | 00000naa$a2200000$$$4500 | ||
|---|---|---|---|
| 001 | 0022561 | ||
| 005 | 20221128113312.9 | ||
| 041 | 0 | |a eng | |
| 044 | |a SK | ||
| 245 | 1 | 0 | |a Using semidefinite programming for the channel assignment problem |c Štefan Peško |
| 610 | 2 | 0 | |a kanály |
| 610 | 2 | 0 | |a telekomunikácie |
| 610 | 2 | 0 | |a telefón mobilný |
| 610 | 2 | 0 | |a kódy |
| 610 | 2 | 0 | |a programovanie |
| 610 | 2 | 0 | |a programovanie lineárne |
| 610 | 2 | 0 | |a siete mobilné |
| 100 | 1 | |a Peško, Štefan | |